NGOs IN RURAL HEALTH CARE (Record no. 535244)

MARC details
000 -LEADER
fixed length control field 00565pam a2200157a 44500
008 - FIXED-LENGTH DATA ELEMENTS--GENERAL INFORMATION
fixed length control field 230515b1996 xxu||||| |||| 00| 0 eng d
020 ## - INTERNATIONAL STANDARD BOOK NUMBER
International Standard Book Number NULL
041 ## - LANGUAGE CODE
Language code of text/sound track or separate title ENGL
082 ## - DEWEY DECIMAL CLASSIFICATION NUMBER
Classification number 614 JES/DUG
100 ## - MAIN ENTRY--PERSONAL NAME
Personal name "JESAI AMAR,DUGGAL R.,GUPTA M."
245 ## - TITLE STATEMENT
Title NGOs IN RURAL HEALTH CARE
250 ## - EDITION STATEMENT
Edition statement 2
260 ## - PUBLICATION, DISTRIBUTION, ETC.
Place of publication, distribution, etc. MUMBAI
Name of publisher, distributor, etc. THE FOUNDATION FOR RESEARCH IN COMMUNITY HEALTH
Date of publication, distribution, etc. 1996
300 ## - PHYSICAL DESCRIPTION
Extent XI+125 INCLUDES INDE
650 ## - SUBJECT ADDED ENTRY--TOPICAL TERM
Topical term or geographic name entry element "MEDICAL SCIENCES,HEALTH,COMMUNITY HEALTH SERVICES,NGOs AND RURAL HEALTH PROBLEMS,NEW APPROACH - NGOs,VILLAGE HEALTH WORKER,WHO,YMCA,WCC,NSS,PHU"
Holdings
Withdrawn status Lost status Damaged status Not for loan Home library Current library Shelving location Date acquired Source of acquisition Cost, normal purchase price Total Checkouts Full call number Barcode Date last seen Price effective from Koha item type
        Social Science Centre (MSW), Pune Social Science Centre (MSW), Pune   10/10/1999 NULL 0.00   614 JES/DUG MSP-SC-1429 28/06/2023 28/06/2023 Book